000
00341nam a2200169Ia 4500
100
_a
Neogy/Jayant
650
_a
General
942
_c
BK
366
_f
20
654
_a
interview
245
_a
Sure success in Interviews
260
_b
S.Chand and Co.
082
_a
658.31124
_b
NEO
300
_a
148
546
_a
ENGLISH
999
_c
34631
_d
34631